Posibles escenarios e impactos del AdA UE-CA /
Збережено в:
| Автор: | |
|---|---|
| Співавтор: | |
| Інші автори: | |
| Формат: | Текст |
| Теги: |
Додати тег
Немає тегів, Будьте першим, хто поставить тег для цього запису!
|
MARC
| LEADER | 00000 a a2200000 04500 | ||
|---|---|---|---|
| 001 | 38189 | ||
| 003 | |||
| 040 | |||
| 090 | |a 0001 I59p (6) | ||
| 100 | |a Salazar, Omar | ||
| 110 | |a Universidad de Costa Rica. Facultad de Ciencias Sociales. Instituto de Investigaciones Sociales | ||
| 245 | |a Posibles escenarios e impactos del AdA UE-CA / |c Omar Salazar | ||
| 300 | |a 48 p. | ||
| 700 | |a Céspedes, Mario | ||
| 999 | |c 8116 |d 8116 | ||
